000 04220nab a22006137a 4500
003 AR-RoUNA
022 _a1850-485X
040 _aAR-RoUNA
_bspa
041 _aspa
_hspa
044 _aag
110 _98413
_aBuenos Aires.
_bSUMMA+
245 _aBarzón:
_bexplorando el mundo contemporáneo.
_hNº 6
246 _aInteriores/ Diseño/ Equipamiento/ Arte/ Estilos de vida.
260 _aBuenos Aires :
_bUP,
300 _a252 p. :
_bplantas
_bfot. byn.
_c31x23cm
505 0 _aIracundo Barzón / Cóctel presentación + taller abierto en la ira de Dios. p. 20
505 0 _aEl diseño pícaro/ Inspirado Lisbon por Bombay Sappihire en el Palacio Valadares de Chiado. p. 24
505 0 _aEstética disfuncional/ Dos lindas tiendas de objetos dignas de conocer en una visita por el viejo continente. p. 26
505 0 _aLlame ya. Shopping Diseño, ni barato, ni imprescindible. pero 100 porciento argentino. p. 29
505 0 _tDISEÑO
505 0 _aDiseño existencial/ Gabriel Sierra entre lo trivial y lo profundo. p. 32
505 0 _aArriba de la nieve/ un recorrido por el cordón montañoso más alto del mundo. p. 37
505 0 _aLa chispa pintada/ Diseñadores, ilustradores, artistas, skaters y militantes dejan su huella stencilera en la ciudad.p. 40
505 0 _aConcierto, centolla y champagne/ Ushuaia: imágenes y sabores del fin del mundo junto a Barón B. p. 46
505 0 _aAbstracción cumbrense/ Sala Miguel Ocampo, un espacio de nivel internacional en el valle Punilla. p. 52
505 0 _tARTE
505 0 _aComo en Suiza pero en Córdoba/ Explosión cultural en la Docta. p. 55
505 0 _aArteBa. La consolidación del gusto contemporáneo/ Lo que quedó tras una nueva edición de la Feria de Arte Contemporáneo de Buenos Aires. p. 61
505 0 _aUn buda/ flacos, gordos, contentos, pensantes... distintas versiones y formatos para una imagen milenaria. p. 83
505 0 _tARQUITECTURA
505 0 _aLa gran chaise longue/ Felipe Assadi + Francisca Pulido desafían el paisaje desértico de Rungue, en Chile, con una nueva terraza habitble. p. 90
505 0 _aMamushka climática/ Otra innovación trasandina, en este caso una casa con una pantalla energética antiinsectos que la envuelve, obra de Marc Frohn y Mario Rojas. Acampandp en los suburbios santiaguinos.p. 98
505 0 _aHuir al Paraíso/ Cosas y casas de artistas que eligieron La Cumbre como lugar y residencia. Personajes e historias singulares en este idilicio destino cordobés. p. 106
505 0 _aCero glamour/ Mariano Clusellas, el maestro del understatement. p. 142
505 0 _aNidos/ La primera casa y la identidad compartida. p. 174
505 0 _aGenius Loci/ Los arquitectos Arturo de Tezanos Pinto y Carlos Gronda, creadores del concepto Usos: diseño contemporáneo con materiales autóctonos y tecnologías ancestrales. p. 190
505 0 _aPostales del CIDI/ Una experienia de diseño en la industria argentina, cuarenta y cinco años despúes. p. 202
505 0 _aRelato sobre lo que ya visto/ Otra mirada sobre Feria Internacional del Mueble de Milán. p. 214
505 0 _aEl ángel volador/ Retrato de un afortunado encuentro: Gio Ponti, el arquitecto más amado por los italianos, Tony Bouilhet, propietario de Christofle por tantos años y el orfebre Lino Sabattini. p.224
505 0 _aHacho en Río/ 13º edición de a semana de la moda de Río de Janeiro neotropicalismo, misticismo y gian Latino. p. 232
505 0 _aMemorias de las calles II/ Los rastros del pasado en las calles porteñas. La segunda parte del informe de arqueología urbana; tranvías. p. 248
505 0 _tOPINION
505 0 _aLos blues del campamento bizcochuelo / Martha Stewart y la escencia de la reclusión por Williams Mitcheli. p. 250
650 _aArquitectura
_911308
650 _aUrbanismo
_95
650 _aEdificios
_9227
651 0 _aBuenos Aires (Argentina)
_9193
773 0 _aArquis. Arquitectura y Urbanismo
_dBuenos Aires. UP, 2006
_gNº 6 (ago 2008 ) p. 278
_x1850-485X
856 _uinformes@palermo.edu
908 _aImp
942 _2udc
_cART
945 _aGOG
_d2018-06-12
980 _66
_aMirna Bonanno Potro
_gMirna Bonanno Potro
_86
999 _c12197
_d12197